000 01029nam a22003017a 4500
001 BR0301228
003 BR-BrBNA
005 20230928101239.0
007 ta
008 230509b bl.||||| |||| 00| 0 por d
040 _aBR-BrBNA
_bpor
_cBiblioteca Nacional de Agricultura
041 _a(Por)
072 _aP34; F60; H50
_b0336
090 _ 0336 BR0301228
100 1 _aMagalhães, G.C.
110 1 _aEscola Superior de Agricultura Luiz de Queiroz, Piracicaba, SP (Brasil)
_0Tese (Mestre em Agronomia)
245 1 _aAnálise da atividade de algumas enzimas antioxidantes em plantas de soja (Glycine max L. Merr.)sob níveis de manganês, em função da micorriza arbuscular
260 3 _aPiracicaba, SP (Brasil):
_c2002.
300 _a102 p.
500 _aSummaries (Eng, Por); Bibliography p. 84-102; 33 illus.
650 _aSOJA
650 _aMANGANÊS
650 _aATIVIDADE ENZÍMICA
650 _aMICORRIZA ARBUSCULAR
650 _aFITOTOXICIDADE
909 _a202309
_bLucia
_c55
_dLucia Elande
942 _cBK
999 _c64912
_d64912